[Event "5th Marlboro Classic"]
[Site "Manila/Bauang PHI"]
[Date "1977.10.30"]
[Round "8"]
[White "Mascarinas, Rico"]
[Black "Bachtiar, Arovah"]
[WhiteElo "2345"]
[BlackElo "2335"]
[Result "1/2-1/2"]
[EventDate "1977.10.21"]
[PlyCount "131"]

1.Nf3 Nf6 2.c4 e6 3.g3 d5 4.d4 Bb4+ 5.Bd2 Bxd2+ 6.Nbxd2 O-O 7.Bg2 Nbd7 8.
O-O Qe7 9.Qc2 c6 10.Rfe1 e5 11.e4 dxe4 12.Nxe4 Nxe4 13.Qxe4 f5 14.Qe3 e4 
15.Nd2 Qf7 16.b3 Nf6 17.f3 Qh5 18.g4 Qh4 19.gxf5 exf3 20.Nxf3 Qh5 21.Qg5 
Bxf5 22.Qxh5 Nxh5 23.Re5 Nf4 24.Nh4 Bg4 25.Bf3 Bxf3 26.Nxf3 Ng6 27.Re3 Rf4
28.Kf2 Raf8 29.Ke2 Nh4 30.Nxh4 Rxh4 31.h3 Rxd4 32.Re7 b6 33.Rg1 g6 34.Rxa7
Re8+ 35.Kf3 Rd3+ 36.Kg4 Re4+ 37.Kg5 Rxh3 38.Ra8+ Kf7 39.Rf1+ Ke7 40.Ra7+ 
Kd6 41.Rf6+ Kc5 42.b4+ Kxc4 43.Rxc6+ Kb5 44.Rd6 Rxb4 45.a4+ Kc5 46.Rdd7 
Rh5+ 47.Kf6 Kc4 48.Rd6 Kb3 49.Kg7 Ra5 50.Rb7 Kxa4 51.Kxh7 b5 52.Kxg6 Rc4 
53.Rd1 Kb4 54.Kf5 Kc3 55.Rc1+ Kd2 56.Rb1 b4+ 57.Ke6 Re4+ 58.Kd6 Rd4+ 59.
Ke6 Ra4 60.Rf7 Ra5 61.Rb2+ Kd3 62.Rb3+ Ke4 63.Rb1 Rh5 64.Kf6 Rb5 65.Re1+ 
Kf3 66.Rfe7 1/2-1/2

[Event "5th Marlboro Classic"]
[Site "Manila/Bauang PHI"]
[Date "1977.10.30"]
[Round "8"]
[White "Sampouw, Jacobus Sawandar"]
[Black "Sharif, Mehrshad"]
[WhiteElo "2315"]
[BlackElo "2360"]
[Result "1/2-1/2"]
[EventDate "1977.10.21"]
[PlyCount "133"]

1.e4 e5 2.Nf3 Nc6 3.d4 exd4 4.Nxd4 Bc5 5.Be3 Qf6 6.c3 Nge7 7.Be2 d5 8.O-O 
Bxd4 9.cxd4 dxe4 10.d5 Ne5 11.Nc3 O-O 12.Nxe4 Qg6 13.Qd4 Ng4 14.Bf4 Rd8 
15.Nc3 Nf5 16.Qc4 h5 17.Bxc7 Re8 18.Rfe1 Bd7 19.Bxg4 hxg4 20.Qb4 b6 21.Ne4
Nh4 22.Bg3 Nf5 23.Rac1 Rad8 24.Bc7 Rc8 25.Qa3 Nd4 26.Qe3 Nf3+ 27.gxf3 
gxf3+ 28.Qg5 Qxg5+ 29.Nxg5 Rxe1+ 30.Rxe1 Rxc7 31.Nxf3 Rc5 32.Rd1 Kf8 33.
Kg2 f6 34.Kg3 Ke7 35.h4 Rc2 36.d6+ Kf7 37.Rd2 Rxd2 38.Nxd2 Ke6 39.Ne4 f5 
40.Ng5+ Kxd6 41.Kf4 g6 42.Nf7+ Ke6 43.Ne5 Be8 44.Nd3 Bb5 45.Ne1 Kf6 46.Nf3
Bc4 47.a3 Be6 48.Ng5 Ba2 49.Nf3 Be6 50.Nd4 Bd7 51.Nc2 Bc6 52.Ne3 Be4 53.
Nc4 Bc6 54.Nd2 Bd5 55.Nb1 Bb7 56.Nc3 Bc6 57.b3 Bd7 58.Nd5+ Ke6 59.Nc7+ Kf6
60.Nd5+ Ke6 61.Ne3 Kf6 62.Nc2 Be6 63.Nd4 Bd7 64.b4 Be8 65.b5 Bd7 66.Nc6 a6
67.Na7 1/2-1/2

[Event "5th Marlboro Classic"]
[Site "Manila/Bauang PHI"]
[Date "1977.10.30"]
[Round "8"]
[White "Shaw, Terrey Ian"]
[Black "Naranja, Renato"]
[WhiteElo "2385"]
[BlackElo "2345"]
[Result "0-1"]
[EventDate "1977.10.21"]
[PlyCount "79"]

1.e4 c5 2.g3 d5 3.exd5 Qxd5 4.Nf3 Bg4 5.Bg2 Qe6+ 6.Kf1 Bh3 7.d3 Nc6 8.Be3 
b6 9.Nc3 Nf6 10.Ng5 Bxg2+ 11.Kxg2 Qd7 12.Bf4 Nd4 13.Re1 e6 14.Nce4 Be7 15.
c3 Nc6 16.Qf3 O-O 17.Nxf6+ Bxf6 18.Ne4 Be7 19.Rad1 e5 20.Bc1 f5 21.Nd2 
Rae8 22.Nc4 Bd8 23.h3 Bc7 24.Ne3 Ne7 25.Nc4 Ng6 26.Ne3 Qf7 27.Nd5 Bb8 28.
c4 Re6 29.b3 Qe8 30.Bb2 e4 31.dxe4 f4 32.Qh5 Be5 33.Bc1 Qf7 34.Rf1 Bb8 35.
Bxf4 Bxf4 36.gxf4 Rxe4 37.Rde1 Rxf4 38.Qe2 Nh4+ 39.Kh1 Rf3 40.Qe6 {time} 
0-1

[Event "5th Marlboro Classic"]
[Site "Manila/Bauang PHI"]
[Date "1977.10.30"]
[Round "8"]
[White "Torre, Eugenio"]
[Black "Tarjan, James Edward"]
[WhiteElo "2550"]
[BlackElo "2495"]
[Result "0-1"]
[EventDate "1977.10.21"]
[PlyCount "102"]

1.e4 e5 2.Nf3 Nc6 3.Bb5 a6 4.Ba4 Nf6 5.O-O Nxe4 6.d4 b5 7.Bb3 d5 8.dxe5 
Be6 9.c3 Be7 10.Nbd2 O-O 11.Bc2 f5 12.exf6 Nxf6 13.Nb3 Bg4 14.Qd3 Ne4 15.
Nbd4 Nxd4 16.Nxd4 Bd6 17.Ne2 c6 18.f3 Qh4 19.g3 Qh3 20.Nf4 Bc5+ 21.Be3 
Rxf4 22.Bxc5 Nxc5 23.Qe3 Rxf3 24.Rxf3 Bxf3 25.Qxf3 Re8 26.Rf1 Qe6 27.Bf5 
Qe3+ 28.Qxe3 Rxe3 29.Bg4 a5 30.b4 axb4 31.cxb4 Nd3 32.a3 g6 33.Ra1 Ne5 34.
Be6+ Kf8 35.a4 bxa4 36.Rxa4 d4 37.Ra2 Nd3 38.Rd2 Ne5 39.Kf2 Ke7 40.Bg8 Rd3
41.Re2 Kd6 42.Re4 Rd2+ 43.Kf1 h6 44.h4 g5 45.hxg5 hxg5 46.Bb3 d3 47.Bc4 
Rb2 48.Bg8 Nf3 49.Re3 Rb1+ 50.Kf2 d2 51.Rd3+ Ke5 0-1

[Event "5th Marlboro Classic"]
[Site "Manila/Bauang PHI"]
[Date "1977.10.31"]
[Round "9"]
[White "Bachtiar, Arovah"]
[Black "Naranja, Renato"]
[WhiteElo "2335"]
[BlackElo "2345"]
[Result "1-0"]
[EventDate "1977.10.21"]
[PlyCount "61"]

1.d4 f5 2.c4 Nf6 3.Nc3 e6 4.Nf3 Be7 5.e3 O-O 6.Bd3 c5 7.O-O b6 8.d5 exd5 
9.cxd5 d6 10.Qc2 Ng4 11.e4 Na6 12.a3 fxe4 13.Nxe4 h6 14.Ng3 Nc7 15.Nh5 Ba6
16.Bxa6 Qe8 17.h3 Ne5 18.Nxe5 dxe5 19.Be2 Nxd5 20.Qc4 Rd8 21.Qg4 g5 22.Bc4
Kh8 23.Bxd5 Rxd5 24.Qe6 Qf7 25.Qxf7 Rxf7 26.Be3 Bd8 27.Rfd1 Rfd7 28.Rxd5 
Rxd5 29.Kf1 Kh7 30.Ke2 Kg6 31.g4 1-0

[Event "5th Marlboro Classic"]
[Site "Manila/Bauang PHI"]
[Date "1977.10.31"]
[Round "9"]
[White "Balinas, Rosendo Carrean"]
[Black "Sampouw, Jacobus Sawandar"]
[WhiteElo "2420"]
[BlackElo "2315"]
[Result "1-0"]
[EventDate "1977.10.21"]
[PlyCount "85"]

1.e4 e5 2.Nf3 Nc6 3.Bb5 a6 4.Ba4 Nf6 5.d3 d6 6.c3 g6 7.Bg5 Bg7 8.Nbd2 O-O 
9.Nf1 b5 10.Bc2 h6 11.Bh4 Ne7 12.Ne3 Kh7 13.O-O c5 14.d4 Qc7 15.a4 Bb7 16.
d5 Rad8 17.Qe2 Rb8 18.Kh1 Bc8 19.axb5 axb5 20.b4 c4 21.Ra5 Nh5 22.Rfa1 Nf4
23.Qd2 g5 24.Bg3 Bf6 25.h4 Rg8 26.hxg5 hxg5 27.Nh2 Neg6 28.Bd1 Bd8 29.Bg4 
Bxg4 30.Nhxg4 Nh4 31.Qd1 Rb7 32.Ra6 Rg6 33.Bh2 Qe7 34.g3 Nd3 35.gxh4 gxh4 
36.Qf3 Bb6 37.Rxb6 Rxb6 38.Ra8 Rb7 39.Qf5 Qg5 40.Qc8 Rg7 41.f4 exf4 42.
Qh8+ Kg6 43.Nf5 1-0

[Event "5th Marlboro Classic"]
[Site "Manila/Bauang PHI"]
[Date "1977.10.31"]
[Round "9"]
[White "Cardoso, Rodolfo Tan"]
[Black "Chandler, Murray Graham"]
[WhiteElo "2320"]
[BlackElo "2385"]
[Result "1-0"]
[EventDate "1977.10.21"]
[PlyCount "71"]

1.c4 Nf6 2.g3 c5 3.Bg2 d5 4.cxd5 Nxd5 5.Nc3 Nxc3 6.bxc3 Nc6 7.Nf3 e5 8.O-O
Be7 9.d3 O-O 10.Rb1 Qa5 11.Qc2 Qa6 12.Nd2 Be6 13.f4 exf4 14.Rxf4 b5 15.a4 
b4 16.Bxc6 b3 17.Nxb3 Qxc6 18.Na5 Qa6 19.Nc4 Rab8 20.Rxb8 Rxb8 21.Re4 g5 
22.Ne3 Qc6 23.Bd2 Rb7 24.g4 Bf6 25.Qc1 Ba2 26.Kf2 Be6 27.Kg3 Rb3 28.Qf1 
Bd8 29.Qf3 Rb2 30.Be1 c4 31.Nxc4 Rb1 32.Ne5 Qb7 33.Rb4 Qxf3+ 34.Kxf3 Bc7 
35.Rxb1 Bxe5 36.h3 1-0

[Event "5th Marlboro Classic"]
[Site "Manila/Bauang PHI"]
[Date "1977.10.31"]
[Round "9"]
[White "Kouatly, Bachar"]
[Black "Torre, Eugenio"]
[WhiteElo "2340"]
[BlackElo "2550"]
[Result "1/2-1/2"]
[EventDate "1977.10.21"]
[PlyCount "97"]

1.d4 Nf6 2.c4 c5 3.d5 e5 4.Nc3 d6 5.e4 Nbd7 6.g4 Be7 7.h3 Nf8 8.Be3 h6 9.
Nge2 N6h7 10.Ng3 Bg5 11.Qd2 Ng6 12.Nf5 Nh4 13.O-O-O Nf3 14.Bxg5 Nhxg5 15.
Qe3 g6 16.h4 gxf5 17.exf5 Qe7 18.hxg5 Nxg5 19.Re1 f6 20.f4 Nf7 21.Ne4 Kd8 
22.fxe5 fxe5 23.Be2 Kc7 24.f6 Qf8 25.Ref1 Bd7 26.g5 hxg5 27.Rxh8 Qxh8 28.
Nxg5 Nxg5 29.Qxg5 Rg8 30.Qh5 Qxh5 31.Bxh5 Rf8 32.Kd2 Kd8 33.Ke3 Be8 34.f7 
Bd7 35.Ke4 Ke7 36.Rg1 Kf6 37.Rg6+ Ke7 38.Rg8 Bh3 39.Rg3 Bd7 40.Rg8 Bh3 41.
b4 b6 42.bxc5 bxc5 43.Kd3 Bf5+ 44.Kc3 Bh3 45.Kb3 a6 46.Ka4 Bf1 47.Rg6 Kxf7
48.Rxd6+ Ke7 49.Re6+ 1/2-1/2

[Event "5th Marlboro Classic"]
[Site "Manila/Bauang PHI"]
[Date "1977.10.31"]
[Round "9"]
[White "Mascarinas, Rico"]
[Black "Harandi, Khosro"]
[WhiteElo "2345"]
[BlackElo "2375"]
[Result "1/2-1/2"]
[EventDate "1977.10.21"]
[PlyCount "44"]

1.Nf3 Nf6 2.c4 e6 3.g3 b6 4.Bg2 Bb7 5.O-O Be7 6.b3 O-O 7.Bb2 c5 8.d4 cxd4 
9.Qxd4 Nc6 10.Qf4 d5 11.Rd1 Qc8 12.Na3 Rd8 13.Rac1 Rd7 14.Ne5 Nxe5 15.Qxe5
dxc4 16.Rxd7 Qxd7 17.Bxb7 Qxb7 18.Nxc4 Rd8 19.Qf4 h6 20.Ne5 Rc8 21.Rxc8+ 
Qxc8 22.Qc4 Qxc4 1/2-1/2

[Event "5th Marlboro Classic"]
[Site "Manila/Bauang PHI"]
[Date "1977.10.31"]
[Round "9"]
[White "Sharif, Mehrshad"]
[Black "Shaw, Terrey Ian"]
[WhiteElo "2360"]
[BlackElo "2385"]
[Result "1-0"]
[EventDate "1977.10.21"]
[PlyCount "141"]

1.e4 c6 2.d4 d5 3.Nc3 dxe4 4.Nxe4 Nd7 5.Bc4 Ngf6 6.Nxf6+ Nxf6 7.Nf3 Bf5 8.
Qe2 e6 9.Bg5 Qa5+ 10.Bd2 Qc7 11.O-O-O O-O-O 12.Bg5 Bd6 13.Ne5 Kb8 14.Kb1 
h6 15.Bc1 Nd5 16.Bb3 c5 17.Nc4 Bf4 18.dxc5 Bxc1 19.Kxc1 Qxc5 20.g4 Bg6 21.
Qe5+ Ka8 22.f4 f6 23.Qd4 Qc7 24.Rhf1 Nb4 25.Qc3 Rxd1+ 26.Kxd1 Nd5 27.Qd2 
Rd8 28.Kc1 Nb6 29.Qa5 Rc8 30.Nxb6+ Qxb6 31.Qxb6 axb6 32.Re1 Be8 33.Rxe6 
Bc6 34.Re7 g5 35.fxg5 hxg5 36.Rf7 Rh8 37.Rxf6 Rxh2 38.Rg6 Rg2 39.Rxg5 Bd7 
40.Rg8+ Ka7 41.Rg7 Bc6 42.Bc4 b5 43.Bd3 b4 44.g5 Kb6 45.g6 Kc5 46.b3 Bd5 
47.Kb2 Rg4 48.Re7 Kd6 49.Re2 Kc5 50.Re8 Rg5 51.a3 bxa3+ 52.Kxa3 Rg4 53.c4 
Bc6 54.Rd8 Kb6 55.Kb4 Kc7 56.Rg8 Kd6 57.Bf5 Rg5 58.g7 Ke5 59.Bh7 Ke6 60.
Be4 Kf7 61.Rf8+ Kxg7 62.Rf4 Bxe4 63.Rxe4 Kf8 64.c5 Rg3 65.Ka4 Rg7 66.b4 
Re7 67.Rxe7 Kxe7 68.Kb5 Kd7 69.Kb6 Kc8 70.Ka7 Kc7 71.b5 1-0

[Event "5th Marlboro Classic"]
[Site "Manila/Bauang PHI"]
[Date "1977.10.31"]
[Round "9"]
[White "Tarjan, James Edward"]
[Black "Ardiansyah, Haji"]
[WhiteElo "2495"]
[BlackElo "2330"]
[Result "1-0"]
[EventDate "1977.10.21"]
[PlyCount "145"]

1.d4 d5 2.c4 e6 3.Nc3 Nf6 4.cxd5 exd5 5.Bg5 Be7 6.e3 O-O 7.Bd3 Be6 8.Nge2 
h6 9.Bxf6 Bxf6 10.b4 Re8 11.O-O Nd7 12.Rc1 Nf8 13.Na4 Be7 14.Nc5 Bc8 15.
Nf4 a5 16.b5 b6 17.Na6 Bd6 18.Nxd5 Ne6 19.Qh5 Bb7 20.Nc3 c6 21.a4 cxb5 22.
axb5 Ng5 23.d5 g6 24.Qe2 Rc8 25.f4 Nh7 26.e4 Bb4 27.Qb2 Bf8 28.Rfd1 Qf6 
29.g3 Bxa6 30.e5 Bc5+ 31.Kg2 Qe7 32.bxa6 Ba3 33.Qb5 Qd8 34.Rc2 Rc5 35.Qb3 
Bb4 36.Bb5 Rf8 37.Bc6 Qc8 38.Bb7 Qg4 39.Re1 Qf5 40.Re3 a4 41.Qxa4 Ra5 42.
Qb3 Bc5 43.Re1 g5 44.Na4 gxf4 45.Nxc5 f3+ 46.Kh1 bxc5 47.Rf2 Ng5 48.Qc3 
Rb5 49.Qc2 Qg4 50.Ref1 Qd4 51.d6 Qxe5 52.d7 Rd8 53.Bxf3 Nxf3 54.Rxf3 Qd5 
55.a7 Ra5 56.Qe2 Rxd7 57.Kg1 Qd4+ 58.Kh1 Raxa7 59.Rf4 Qd5+ 60.Kg1 Re7 61.
Rg4+ Kf8 62.Qb2 Qe5 63.Qb6 Qe3+ 64.Kh1 Qd3 65.Qxh6+ Ke8 66.Qc6+ Kf8 67.
Qc8+ Re8 68.Qxc5+ Ree7 69.Rgf4 Ke8 70.Qc8+ Qd8 71.Qc3 Qd5+ 72.Kg1 Ra8 73.
Rf5 1-0

[Event "5th Marlboro Classic"]
[Site "Manila/Bauang PHI"]
[Date "1977.11.02"]
[Round "10"]
[White "Ardiansyah, Haji"]
[Black "Kouatly, Bachar"]
[WhiteElo "2330"]
[BlackElo "2340"]
[Result "1-0"]
[EventDate "1977.10.21"]
[PlyCount "57"]

1.e4 c5 2.Nf3 Nc6 3.d4 cxd4 4.Nxd4 Nf6 5.Nc3 e5 6.Ndb5 d6 7.a4 Be6 8.Be2 
a6 9.Na3 Be7 10.O-O O-O 11.f4 exf4 12.Bxf4 Qb6+ 13.Kh1 Qxb2 14.Nd5 Bxd5 
15.exd5 Ne5 16.Bxe5 Qxe5 17.Bd3 Qg5 18.Rb1 Rab8 19.Rf5 Qh4 20.c3 g6 21.Rf3
Ng4 22.Qg1 Ne5 23.Rh3 Qxa4 24.Qe3 Ng4 25.Qe2 Bg5 26.Nc4 Rfe8 27.Qxg4 b5 
28.Qxg5 bxc4 29.Rf1 1-0

[Event "5th Marlboro Classic"]
[Site "Manila/Bauang PHI"]
[Date "1977.11.02"]
[Round "10"]
[White "Harandi, Khosro"]
[Black "Bachtiar, Arovah"]
[WhiteElo "2375"]
[BlackElo "2335"]
[Result "1/2-1/2"]
[EventDate "1977.10.21"]
[PlyCount "98"]

1.e4 c5 2.Nf3 d6 3.d4 cxd4 4.Nxd4 Nf6 5.Nc3 a6 6.Bg5 Nbd7 7.Bc4 e6 8.Bb3 
Qa5 9.Qd2 b5 10.O-O-O Bb7 11.Rhe1 O-O-O 12.Kb1 h6 13.Bxf6 Nxf6 14.a3 Qb6 
15.f4 d5 16.e5 Ne4 17.Nxe4 dxe4 18.Qc3+ Bc5 19.Bxe6+ Kb8 20.Nb3 Bf2 21.
Bxf7 Bxe1 22.Rxe1 Rc8 23.Qa5 Qf2 24.Qd2 Qb6 25.e6 Qc7 26.Rc1 Rhd8 27.Qe3 
Rd1 28.Nd4 Rxc1+ 29.Kxc1 Qc4 30.b3 Qc5 31.Kb2 a5 32.c3 b4 33.axb4 axb4 34.
cxb4 Qxb4 35.Bg6 Rd8 36.Nc2 Qd6 37.f5 Rc8 38.Qg3 Qxg3 39.hxg3 Bc6 40.Ne3 
Be8 41.Bxe8 Rxe8 42.Kc3 Kc7 43.Kd4 Rb8 44.Kxe4 Rxb3 45.g4 Kd6 46.Nc4+ Ke7 
47.Ne3 Kd6 48.Nc4+ Ke7 49.Ne3 Kd6 1/2-1/2

[Event "5th Marlboro Classic"]
[Site "Manila/Bauang PHI"]
[Date "1977.11.02"]
[Round "10"]
[White "Naranja, Renato"]
[Black "Sharif, Mehrshad"]
[WhiteElo "2345"]
[BlackElo "2360"]
[Result "0-1"]
[EventDate "1977.10.21"]
[PlyCount "72"]

1.c4 e6 2.Nc3 d5 3.d4 Nf6 4.Bg5 Bb4 5.Nf3 h6 6.Bh4 dxc4 7.e3 b5 8.a4 c6 9.
Nd2 Bxc3 10.bxc3 a6 11.Be2 Qc7 12.O-O Bb7 13.Bf3 Nbd7 14.Bg3 Qd8 15.axb5 
axb5 16.Rxa8 Bxa8 17.Bd6 Nb6 18.Ba3 Nc8 19.Qa1 Ne7 20.Bxe7 Kxe7 21.e4 Nh7 
22.e5 f5 23.Qa3+ Kf7 24.Bh5+ Kg8 25.Qa7 Nf8 26.Ra1 Kh7 27.Bf7 Ng6 28.Bxg6+
Kxg6 29.Qc5 Qd5 30.Ra7 Qxc5 31.dxc5 Rd8 32.Nf1 f4 33.g4 Rd3 34.Rxa8 Rxc3 
35.Ra6 Rc1 36.Rxc6 c3 0-1

[Event "5th Marlboro Classic"]
[Site "Manila/Bauang PHI"]
[Date "1977.11.02"]
[Round "10"]
[White "Sampouw, Jacobus Sawandar"]
[Black "Cardoso, Rodolfo Tan"]
[WhiteElo "2315"]
[BlackElo "2320"]
[Result "1/2-1/2"]
[EventDate "1977.10.21"]
[PlyCount "76"]

1.e4 c5 2.Nf3 e6 3.d4 cxd4 4.Nxd4 a6 5.Be3 Qc7 6.Bd3 Nc6 7.Nxc6 bxc6 8.O-O
Nf6 9.c4 Rb8 10.Nd2 c5 11.b3 Be7 12.f4 d6 13.Qf3 Bb7 14.Qg3 h5 15.f5 h4 
16.Qh3 exf5 17.exf5 d5 18.Rae1 Kf8 19.Bg5 dxc4 20.Bxc4 Rd8 21.Nf3 Rh5 22.
Bxh4 Bd6 23.Kh1 Bf4 24.Re2 Bxf3 25.gxf3 Rd4 26.Rg1 Be3 27.Bxf6 Rxh3 28.
Bxg7+ Ke7 29.Rxe3+ Kd7 30.Be5 Qc6 31.Bxf7 Rxf3 32.Be6+ Ke8 33.Rg8+ Ke7 34.
Rg7+ Kf8 35.Rg8+ Ke7 36.Rg7+ Kf8 37.Rg8+ Ke7 38.Rg7+ Kf8 1/2-1/2

[Event "5th Marlboro Classic"]
[Site "Manila/Bauang PHI"]
[Date "1977.11.02"]
[Round "10"]
[White "Shaw, Terrey Ian"]
[Black "Balinas, Rosendo Carrean"]
[WhiteElo "2385"]
[BlackElo "2420"]
[Result "1/2-1/2"]
[EventDate "1977.10.21"]
[PlyCount "81"]

1.e4 c5 2.Nc3 Nc6 3.g3 g6 4.Bg2 Bg7 5.d3 Nf6 6.f4 O-O 7.Nf3 d6 8.O-O Bd7 
9.Nh4 Rb8 10.f5 b5 11.h3 Nd4 12.g4 b4 13.Ne2 Ba4 14.b3 Bb5 15.a4 Ba6 16.
Rb1 Nd7 17.Nf3 Ne5 18.Bg5 Nexf3+ 19.Bxf3 Nxf3+ 20.Rxf3 d5 21.Ng3 Bb7 22.
Qe2 Be5 23.Bh6 Bxg3 24.Rxg3 dxe4 25.Bxf8 Kxf8 26.dxe4 Qd4+ 27.Kh2 Rd8 28.
Rd3 Qe5+ 29.Kg1 Rd4 30.Re3 Qd6 31.Qh2 Rd1+ 32.Rxd1 Qxd1+ 33.Kf2 Ba6 34.
Qb8+ Kg7 35.Qe5+ Kh6 36.Qxc5 Qf1+ 37.Kg3 Qg1+ 38.Kf3 Qf1+ 39.Kg3 Qg1+ 40.
Kf3 Qh1+ 41.Kf2 1/2-1/2

[Event "5th Marlboro Classic"]
[Site "Manila/Bauang PHI"]
[Date "1977.11.02"]
[Round "10"]
[White "Torre, Eugenio"]
[Black "Mascarinas, Rico"]
[WhiteElo "2550"]
[BlackElo "2345"]
[Result "1-0"]
[EventDate "1977.10.21"]
[PlyCount "53"]

1.e4 c5 2.Nf3 Nc6 3.d4 cxd4 4.Nxd4 Nf6 5.Nc3 d6 6.Bg5 e6 7.Qd2 a6 8.O-O-O 
Nxd4 9.Qxd4 Be7 10.Bc4 O-O 11.Rhe1 b5 12.Bb3 Rb8 13.Bxf6 gxf6 14.Re3 b4 
15.Ne2 Kh8 16.Qd3 Rg8 17.Rg3 Bb7 18.f4 Qa5 19.Nd4 Qc5 20.f5 e5 21.Ne2 a5 
22.Bxf7 Rg7 23.Be6 a4 24.Rxg7 Kxg7 25.Ng3 Bc6 26.Nh5+ Kh8 27.Qg3 1-0

[Event "5th Marlboro Classic"]
[Site "Manila/Bauang PHI"]
[Date "1977.11.03"]
[Round "11"]
[White "Bachtiar, Arovah"]
[Black "Sharif, Mehrshad"]
[WhiteElo "2335"]
[BlackElo "2360"]
[Result "1/2-1/2"]
[EventDate "1977.10.21"]
[PlyCount "33"]

1.d4 c5 2.Nf3 cxd4 3.Nxd4 d5 4.e3 Nf6 5.c4 dxc4 6.Qc2 e5 7.Nf3 Bd6 8.Bxc4 
O-O 9.Nc3 Nc6 10.a3 Qe7 11.Ng5 g6 12.e4 Nd4 13.Qd3 Be6 14.Nxe6 fxe6 15.O-O
Nh5 16.Be3 Bc5 17.Ne2 1/2-1/2

[Event "5th Marlboro Classic"]
[Site "Manila/Bauang PHI"]
[Date "1977.11.03"]
[Round "11"]
[White "Balinas, Rosendo Carrean"]
[Black "Naranja, Renato"]
[WhiteElo "2420"]
[BlackElo "2345"]
[Result "1/2-1/2"]
[EventDate "1977.10.21"]
[PlyCount "210"]

1.d4 Nf6 2.c4 g6 3.Nc3 Bg7 4.e4 d6 5.Nf3 O-O 6.Be2 e5 7.d5 a5 8.Bg5 h6 9.
Bh4 Na6 10.Nd2 Qe8 11.O-O Nh7 12.g4 Bd7 13.Kh1 Ng5 14.Bxg5 hxg5 15.Rg1 Bf6
16.Nf3 Kg7 17.Qd2 Qd8 18.Rg3 Rh8 19.Rag1 Be7 20.R1g2 f6 21.h3 Nc5 22.Rh2 
c6 23.Qc2 Qb6 24.h4 Rh7 25.hxg5 Rxh2+ 26.Nxh2 fxg5 27.Kg2 Rf8 28.f3 a4 29.
Nf1 Rh8 30.Qc1 Qa7 31.Ne3 Be8 32.Ned1 Bf7 33.Nf2 Qa8 34.Nh3 Qd8 35.Qc2 Be8
36.Qd2 Bd7 37.Bd1 Qb6 38.Nxa4 Nxa4 39.Bxa4 Ra8 40.Bb3 Qd8 41.Nf2 c5 42.Nd1
Qf8 43.Rh3 Kg8 44.Kg1 Bf6 45.Nc3 b6 46.Bd1 Be8 47.Rh1 Ra7 48.Qh2 Qe7 49.
Be2 Qg7 50.a3 Bd8 51.Kf2 Bf6 52.Ke3 Bd8 53.Kd2 Bf6 54.Kc2 Bd8 55.Kb1 Bf6 
56.Bd1 Bd7 57.Bc2 Ra8 58.Qd2 Qf7 59.Qd1 Qe8 60.Bd3 Bd8 61.Qd2 Qf7 62.Rh3 
Bf6 63.Ne2 Be8 64.Ng1 Ra7 65.Rh1 Qd7 66.Nh3 Qe7 67.Ka2 Ra8 68.Rb1 Kg7 69.
b4 Qa7 70.Qb2 Kg8 71.Qc1 Bd8 72.Ng1 cxb4 73.Rxb4 Qa5 74.Rb3 Ba4 75.Rc3 Ra7
76.Nh3 Kg7 77.Kb2 Ra8 78.Be2 Kh6 79.Qe3 Qc5 80.Nf2 Rc8 81.Qxc5 bxc5 82.Bd1
Rb8+ 83.Ka2 Ba5 84.Re3 Bd7 85.Rb3 Rxb3 86.Bxb3 Kg7 87.Nd1 Kf7 88.Kb2 Ke7 
89.Kc2 Kd8 90.Nb2 Kc8 91.Ba4 Bxa4+ 92.Nxa4 Kb7 93.Nb2 Ka6 94.Kb3 Bd8 95.
Ka4 Bc7 96.Nd1 Ba5 97.Ne3 Bd8 98.Nc2 Bc7 99.Kb3 Bd8 100.a4 Bc7 101.Na3 Ka5
102.Nb5 Bb8 103.Ka3 Kb6 104.Nc3 Bc7 105.Ne2 Ka6 1/2-1/2

[Event "5th Marlboro Classic"]
[Site "Manila/Bauang PHI"]
[Date "1977.11.03"]
[Round "11"]
[White "Cardoso, Rodolfo Tan"]
[Black "Shaw, Terrey Ian"]
[WhiteElo "2320"]
[BlackElo "2385"]
[Result "1-0"]
[EventDate "1977.10.21"]
[PlyCount "81"]

1.c4 c5 2.g3 g6 3.Bg2 Bg7 4.Nc3 Nc6 5.e3 d6 6.Nge2 e5 7.f4 Nge7 8.O-O O-O 
9.b3 a6 10.Bb2 Rb8 11.fxe5 Nxe5 12.d4 cxd4 13.exd4 N5c6 14.Qd2 b5 15.cxb5 
axb5 16.Rac1 Bf5 17.d5 Ne5 18.Ne4 b4 19.Nd4 Qb6 20.Kh1 Ra8 21.Ba1 Ra5 22.
Nc6 N7xc6 23.dxc6 Bxe4 24.Bxe4 Ng4 25.c7 Rc8 26.Bd5 Nh6 27.Rc6 Qb5 28.Rd1 
Nf5 29.Bxg7 Kxg7 30.Bg2 Ra6 31.Rcc1 Ra7 32.g4 Nh4 33.Qd4+ Qe5 34.Qxa7 Nxg2
35.Kxg2 Qe4+ 36.Kf1 Qh1+ 37.Qg1 Qf3+ 38.Qf2 Qh1+ 39.Ke2 Re8+ 40.Kd2 Qd5+ 
41.Kc2 1-0

[Event "5th Marlboro Classic"]
[Site "Manila/Bauang PHI"]
[Date "1977.11.03"]
[Round "11"]
[White "Harandi, Khosro"]
[Black "Torre, Eugenio"]
[WhiteElo "2375"]
[BlackElo "2550"]
[Result "1/2-1/2"]
[EventDate "1977.10.21"]
[PlyCount "42"]

1.e4 d6 2.d4 Nf6 3.Nc3 g6 4.Nf3 Bg7 5.Be2 O-O 6.O-O Bg4 7.Be3 Nc6 8.Qd2 e5
9.dxe5 dxe5 10.Rad1 Qc8 11.Qc1 Rd8 12.Rxd8+ Qxd8 13.Rd1 Qf8 14.h3 Bxf3 15.
Bxf3 Rd8 16.Nd5 Nxd5 17.Rxd5 Nd4 18.Bd1 Rxd5 19.exd5 Nf5 20.c4 Nxe3 21.
Qxe3 b6 1/2-1/2

[Event "5th Marlboro Classic"]
[Site "Manila/Bauang PHI"]
[Date "1977.11.03"]
[Round "11"]
[White "Kouatly, Bachar"]
[Black "Chandler, Murray Graham"]
[WhiteElo "2340"]
[BlackElo "2385"]
[Result "0-1"]
[EventDate "1977.10.21"]
[PlyCount "92"]

1.d4 Nf6 2.c4 g6 3.Nc3 d5 4.cxd5 Nxd5 5.e4 Nxc3 6.bxc3 Bg7 7.Bc4 O-O 8.Be3
Nc6 9.h4 e5 10.Ne2 exd4 11.cxd4 Qe7 12.Qc2 Nb4 13.Qd2 c5 14.f3 cxd4 15.
Nxd4 Rd8 16.O-O Be6 17.Bxe6 fxe6 18.Qb2 Qc5 19.Rfd1 Nc6 20.Rac1 Rxd4 21.
Bxd4 Qxd4+ 22.Qxd4 Bxd4+ 23.Kf1 e5 24.Ke2 Rc8 25.g3 Bb2 26.Rb1 Nd4+ 27.Ke3
Rc3+ 28.Kf2 Rc2+ 29.Ke3 Kf7 30.f4 Ke6 31.Kd3 b5 32.Rf1 a5 33.fxe5 a4 34.
Rxb2 Rxb2 35.Kxd4 a3 36.Rf6+ Kd7 37.Rb6 Kc7 38.Ra6 Rxa2 39.Kc5 Kb7 40.Ra5 
Ra1 41.Kb4 Rb1+ 42.Kxa3 Kb6 43.Ka2 Kxa5 44.Kxb1 Kb6 45.Kc2 Kc6 46.Kc3 Kd7 
0-1

[Event "5th Marlboro Classic"]
[Site "Manila/Bauang PHI"]
[Date "1977.11.03"]
[Round "11"]
[White "Mascarinas, Rico"]
[Black "Ardiansyah, Haji"]
[WhiteElo "2345"]
[BlackElo "2330"]
[Result "1-0"]
[EventDate "1977.10.21"]
[PlyCount "113"]

1.Nf3 c5 2.c4 g6 3.d4 Bg7 4.Nc3 d6 5.dxc5 dxc5 6.Qxd8+ Kxd8 7.Bd2 Be6 8.b3
Nc6 9.Ng5 Ke8 10.Nxe6 fxe6 11.Rc1 Nf6 12.g3 Kf7 13.Bg2 Rac8 14.O-O Rhd8 
15.Rfd1 b6 16.h3 Ne8 17.Ne4 h6 18.g4 Nd6 19.Ng3 b5 20.Bxc6 Rxc6 21.Ba5 Rb8
22.cxb5 Nxb5 23.Bd2 Ra6 24.Rxc5 Rxa2 25.Bf4 Rb7 26.Be5 Bxe5 27.Rxe5 Nc7 
28.Rd3 Rb2 29.Rf3+ Ke8 30.Rc5 Nd5 31.e4 Rc7 32.Rb5 Nb6 33.g5 h5 34.h4 Nd7 
35.Kg2 Rc1 36.Ra5 e5 37.Rxa7 Nc5 38.Ra5 Rd2 39.Ra8+ Kd7 40.Ra7+ Kd6 41.b4 
Ne6 42.Rfa3 Nf4+ 43.Kf3 Ke6 44.R7a6+ Kf7 45.R6a5 Rcc2 46.Nh1 Ra2 47.Rc3 
Rxa5 48.bxa5 Ra2 49.Ng3 Ra4 50.a6 Ke6 51.a7 Kd6 52.a8=Q Rxa8 53.Ne2 Rf8 
54.Ra3 Nh3+ 55.Ke3 Rxf2 56.Ng1 Rg2 57.Rd3+ 1-0

[Event "5th Marlboro Classic"]
[Site "Manila/Bauang PHI"]
[Date "1977.11.03"]
[Round "11"]
[White "Tarjan, James Edward"]
[Black "Sampouw, Jacobus Sawandar"]
[WhiteElo "2495"]
[BlackElo "2315"]
[Result "1-0"]
[EventDate "1977.10.21"]
[PlyCount "43"]

1.d4 Nf6 2.c4 c5 3.d5 e6 4.Nc3 exd5 5.cxd5 g6 6.d6 Qb6 7.Bg5 Bg7 8.Qd2 O-O
9.g3 Nc6 10.Bg2 Ne5 11.b3 c4 12.Nf3 Nfg4 13.O-O cxb3 14.Nd5 Qc5 15.axb3 f6
16.Nxe5 Nxe5 17.Ne7+ Kh8 18.Be3 Qb5 19.Ra5 Qxb3 20.Bd5 Nc4 21.Qd4 Qc2 22.
Bxc4 1-0

[Event "5th Marlboro Classic"]
[Site "Manila/Bauang PHI"]
[Date "1977.11.04"]
[Round "12"]
[White "Ardiansyah, Haji"]
[Black "Harandi, Khosro"]
[WhiteElo "2330"]
[BlackElo "2375"]
[Result "1/2-1/2"]
[EventDate "1977.10.21"]
[PlyCount "108"]

1.d4 Nf6 2.c4 c5 3.d5 e5 4.Nc3 d6 5.e4 Be7 6.Bd3 O-O 7.Nge2 Ne8 8.O-O Bg5 
9.Ng3 Bxc1 10.Rxc1 Nd7 11.a3 g6 12.Qd2 Qh4 13.Rcd1 a6 14.f4 exf4 15.Rxf4 
Qe7 16.Rdf1 Ne5 17.Be2 Bd7 18.Nd1 Rb8 19.b4 Rc8 20.Ne3 Qd8 21.R4f2 Qb6 22.
Kh1 Rc7 23.Rf4 f6 24.Rh4 Bc8 25.Qc3 Ng7 26.Rhf4 Rcf7 27.h3 h5 28.Bd1 Qc7 
29.Bc2 b6 30.b5 Qd8 31.R4f2 a5 32.Ne2 h4 33.Kg1 g5 34.a4 Nh5 35.Nf5 Bxf5 
36.Rxf5 Qe7 37.Bb1 Ng7 38.R5f2 Ng6 39.Qc2 Ne5 40.Qc3 Nh5 41.Rf5 Rg7 42.Kh1
Ng6 43.Kg1 Ngf4 44.Nxf4 Nxf4 45.Qf3 Qe8 46.Qg4 Nh5 47.R1f2 Qg6 48.Bc2 Qh6 
49.e5 dxe5 50.Rxe5 fxe5 51.Rxf8+ Kxf8 52.Qc8+ Ke7 53.Qc7+ Ke8 54.Qc8+ Ke7 
1/2-1/2

[Event "5th Marlboro Classic"]
[Site "Manila/Bauang PHI"]
[Date "1977.11.04"]
[Round "12"]
[White "Chandler, Murray Graham"]
[Black "Mascarinas, Rico"]
[WhiteElo "2385"]
[BlackElo "2345"]
[Result "0-1"]
[EventDate "1977.10.21"]
[PlyCount "104"]

1.e4 c5 2.Nf3 Nc6 3.d4 cxd4 4.Nxd4 Qc7 5.Nb5 Qb8 6.c4 Nf6 7.N5c3 e6 8.Be3 
b6 9.f4 d6 10.Nd2 h5 11.Be2 Bb7 12.O-O Be7 13.Rc1 Qd8 14.Bf3 Rb8 15.a3 h4 
16.b4 Nh7 17.Nb3 Rc8 18.Qe2 g5 19.b5 Nb8 20.Bh5 gxf4 21.Nd4 O-O 22.Rxf4 
Bf6 23.Nf3 Nd7 24.Nd1 Qe7 25.Nf2 d5 26.e5 Nxe5 27.Nxe5 Bxe5 28.Rg4+ Kh8 
29.Bh6 Bf6 30.Rf1 Rg8 31.Rxg8+ Rxg8 32.Ng4 Bd4+ 33.Kh1 f6 34.Rd1 Qc5 35.
Qxe6 dxc4 36.Bf7 h3 37.Be3 Bxe3 38.Qxe3 Bxg2+ 39.Kg1 Rxg4 40.Rd8+ Kg7 41.
Rg8+ Kxf7 42.Qxc5 bxc5 43.Rxg4 Bd5 44.a4 Ng5 45.a5 Ne4 46.Kf1 f5 47.Rg1 c3
48.Ke1 Bc4 49.Kd1 Bxb5 50.Kc1 Bd3 51.a6 c4 52.Re1 Nc5 0-1